000 00630nam a2200229Ia 4500
003 OSt
005 20230530102342.0
008 210423s2010 xx 000 0 und d
020 _a0-7514-0362-8
040 _cAL
041 _aeng
082 _a547.758 SUCE
100 _aSUCKLING (C J);GIBSON (C L);PITT (A R)
_9116422
245 _aEnzyme chemistry: impact and applications Ed 3
250 _a3
260 _aNew Delhi
_bSpringer Pvt Ltd
_c2010
300 _axi,292
_bPB
365 _b695
_cINR
650 _aOrganic Chemistry
_9116423
906 _aapplications ; chemistry: ; Ed ; Enzyme ; impact
942 _2ddc
_cBK
999 _c168363
_d168363